000 00639nam a2200217Ia 4500
005 20250923145719.0
008 008 250917s9999 xx 000 0 eng d
037 _aTextual
040 _aDSWL
_beng
_cDSWL
041 _aeng
_2eng
084 _aT13:4, N82
_qDSWL
100 _aReid, C.
_9838241
245 0 _aSoar: A program for the gifted using blooms taxonomy teachers guide book
_c by C. Reid
260 _aCalifornia
_bB.L. Winch & Associates
_c1956
300 _a40p.
365 _aINR
_b58.80
700 _a D. Reid
_9838242
925 _g58.80
942 _cTEXL
_hT13:4, N82
999 _c1454682
_d1454682